000 00883cam a2200205 4500
001 WB3710-21
008 000000n2001 000 0 eng u
035 _a(Sirsi) u111264
245 _aLondon market leads fall in house prices
260 _c2001
490 _aFinancial Times
_v2 March 2001, 2(1)
520 _aNationwide has reported a drop of 0.8% in the average price of a home in the UK in February 2001. This represents the sharpest monthly decline in over five years. The building society attributes this fall to a slackening in the London market, and declines in Wales. In contrast 2001 has seen a considerable growth in personal borrowing.
590 _aWB
650 _aNATIONWIDE BUILDING SOCIETY
650 _aLONDON
650 _aHOUSING MARKET
650 _aBORROWING
690 _aPROPERTY-RESIDENTIAL PROPERTY-RESIDENTIAL PROPERTY MARKET
942 _n0
999 _c66293
_d66293